000 00366nam a2200133Ia 4500
008 220217s9999||||xx |||||||||||||| ||und||
020 _a81-7381-184-9
082 _a519.4 RAD
100 _aRadhakrishna, P
_96983
245 0 _aComputer numerical control machines
260 _aNew Central book agency
_bKolkata
_c2007
300 _b195
650 _aMATHEMATICS
999 _c180173
_d180173